Countries that Start with A on a Map - Statistics

General Stats
  • This quiz has been taken 68 times
    51 since last reset
  • The average score is 11 of 11
Answers on the Map
Answers color-coded by a green-red scale on the quiz's map according to % correct below.
 
Answer Stats
Hint Hint Country % Correct
384.2 167.2 Algeria
100%
234.0 373.0 Argentina
100%
683.0 342.0 Australia
100%
414.2 100.9 Austria
100%
528.0 149.2 Afghanistan
97%
425.5 124.0 Albania
95%
384.0 118.7 Andorra
95%
241.4 204.0 Antigua and Barbuda
92%
480.5 125.0 Armenia
92%
487.6 125.0 Azerbaijan
92%
420.0 301.2 Angola
90%
No matching quizzes found
Score Distribution
Percent of People with Each Score
Percentile by Number Answered
Your Score History
You have not taken this quiz since the last reset